000 00593nam a2200205Ia 4500
001 12376
003 GE_BSU
008 181216s||||||||xx |||||||||||||| ||und||
040 _cGE_BSU
080 _a58(075.8)+582
245 _aБотаника.Т2.Систематика растении
245 _cПод.ред. Л.И.Курсанова.Ред.Т.И.Серебрякова
260 _aМосква
260 _bУчпедгиз
260 _c1951
300 _a479стр.26см.
653 _aБотаника.
653 _aСистематика растении
942 _cBK
999 _c45550
_d45550